000 01533nam a2200253Ia 4500
999 _c40853
_d40853
001 7494
003 GE_BSU
005 20200109101631.0
008 181216s2013||||ge |||||||||||||| ||geo||
020 _a9789941927768
040 _cGE_BSU
041 _ageo
080 _a339.727.22 ც–63
100 _aცინარიძე, რამინ
_96020
245 _a"რეგიონული საინვესტიციო პროცესების რეგულირების საფინანსო-ეკონომიკური მექანიზმის სრულყოფის აქტუალური საკითხები" :
_bმონოგრაფია /
_cრამინ ცინარიძე ; რედ. ვლადიმერ ღლონტი.
264 _aთბილისი :
_b"მინიატურის" გამ-ბა,
_c2013.
300 _a252 გვ. :
_bდიაგრ. ;
_c22 სმ.
504 _aბიბლიოგრ.: გვ. 233-249.
653 _a ინვესტიციები მსოფლიო ფინანსურ გარემოში და მათი ფორმირების თავისებურებები
653 _aმაკროეკონომიკა
700 _aღლონტი, ვ.
_eრედაქტორი
_96021
710 _a ბათუმის შოთა რუსთაველის სახელმწ. უნ-ტი
_96022
942 _cBK
_2udc